Normal view MARC view

Entry Nombre personal

Number of records used in: 1

001 - NÚMERO DE CONTROL

  • campo de control: 115620

003 - IDENTIFICADOR DE NÚMERO DE CONTROL

  • campo de control: SpMaBN

005 - FECHA Y HORA DE LA ÚLTIMA TRANSACCIÓN

  • campo de control: 20250807041400.0

008 - ELEMENTOS DE DATO DE LONGITUD-FIJA

  • campo de control de longitud fija: 911126nn ainnnaabn n aaa d

016 ## - NÚMERO DE CONTROL DE UNA AGENCIA BIBLIOGRÁFICA NACIONAL

  • Número de control del registro: BNE19932931577

024 7# - IDENTIFICADOR DE OTROS ESTÁNDARES

  • Número estándar o código: http://viaf.org/viaf/75177430/
  • Fuente: viaf

024 7# - IDENTIFICADOR DE OTROS ESTÁNDARES

  • Número estándar o código: https://isni.org/isni/0000000061444247
  • Fuente: isni

040 ## - FUENTE DE CATALOGACIÓN

  • Centro catalogador/agencia de origen: SpMaBN
  • Lengua de catalogación: spa
  • Centro/agencia transcriptor: SpMaBN
  • Normas de descripción: rdc
  • Convención/Normas de encabezamiento de materia/tesauro: embne

046 ## - FECHAS CON CODIFICACIÓN ESPECIAL

  • Fecha de nacimiento: 1928
  • Fecha de la muerte: 1984

100 1# - ENCABEZAMIENTO-NOMBRE DE PERSONA

  • Nombre de persona: Vizcaya Carpenter, Antonio,
  • Fechas asociadas al nombre: 1928-1984

370 ## - LUGAR ASOCIADO

  • Lugar de nacimiento: Santa Cruz de Tenerife, Canarias, España
  • Fuente del término: embne
  • Fuente del término: embne
  • Fuente del término: embne

370 ## - LUGAR ASOCIADO

  • Lugar de fallecimiento: Santa Cruz de Tenerife, Canarias, España
  • Fuente del término: embne
  • Fuente del término: embne
  • Fuente del término: embne

373 ## - GRUPO ASOCIADO

  • Grupo asociado: Real Academia Canaria de Bellas Artes de San Miguel Arcángel
  • Fuente del término: abne

374 ## - OCUPACIÓN

  • Ocupación: Animadores culturales
  • Ocupación: Bibliógrafos
  • Ocupación: Escritores
  • Fuente del término: embne

375 ## - GÉNERO/SEXO

  • Género: Masculino

377 ## - IDIOMA ASOCIADO

  • Código del idioma: spa
  • Término de lengua/lenguaje: Español

670 ## - FUENTE DE DATOS ENCONTRADOS

  • Cita de la fuente: WWW RACBA, 14-3-2017
  • Información encontrada: (Vizcaya Carpenter, Antonio; nació en Santa Cruz de Tenerife en 1928 y murió en 1984. Investigador, animador cultural, bibliógrafo y escritor)
  • Identificador Uniforme de Recursos: http://racba.es/index.php/listado-alfabetico/240-vizcaya-carpe nter-antonio

856 4# - LOCALIZACIÓN Y ACCESO ELECTRÓNICOS

  • Identificador Uniforme de Recursos: https://dialnet.unirioja.es/servlet/autor?codigo=1996574